000 00538nam a2200205Ia 4500
005 20260429112206.0
008 260429s9999||||xx |||||||||||||| ||und||
020 _a9788180940385
041 _aEnglish
082 _a954.82
_bPEN
100 _aPenny, Fanny Emily
245 0 _aFort St George madras /
_cFanny Emily Penny
250 _a1st ed.
260 _aChennai :
_bMJP Publishers ,
_c2008.
300 _axii, 331 p.; pbk
650 _a Chennai-History
650 _a Colonial India
650 _aFort St George
942 _cTB
999 _c52819
_d52819